000 01653nam a2200313 a 4500
001 BRCA_3033
005 20190320204058.0
008 210109s1757----gw-a---###---#000-0#fre-u
041 _afre
044 _agw
084 _a342
_b.B3776
_c1757
100 1 _aCervantes Saavedra, Miguel de
_d1547-1616
_9213
245 1 0 _aHistoire de L´Admirable Don Quichotte de la Manche
_cMiguel de Cervantes Saavedra ; Traduite par Filleau de Saint-Martin.
260 _aFrancfort
_bJean-Francoise Bassompierre
_c1757
300 _a6 v.
_bil.
_c15 cm.
500 _aContenido : v 1. Primera parte. Advertencia del traductor. Dedicatoria a D. Quijote. Advertencia del librero. Texto. -- v 2. Texto. -- v 3. Segunda parte. Texto. -- v 4. Texto. -- v 5. Primera parte de la continuación escrita por el traductor. Texto. -- v 6. Segunda parte de la continuación escrita por el traductor. Texto
500 _aEdición : Nouvelle Nouvé Edition Revueé Corrigeé et Augmentée
500 _aReproducción de la edición de 1750, publicada por los mismos editores. Las láminas son también las mismas, grabadas de nuevo por I. M. Eben. Piel; lomeras decoradas con dorados Lúdovik Osterc
500 _aQM268
546 _aTexto en : francés
650 1 4 _aNovela española
_yÉpoca clásica, 1500-1700
_9215
650 1 4 _aLiteratura española
_yÉpoca clásica, 1500-1700
_9216
650 1 4 _aNovela española
_ySiglo XVII
_9217
650 1 4 _aDon Quijote (Personaje ficticio)
_eNovela
_9218
700 1 _aSaint-Martin, Francois Filleau de
_d1632-1695
_eTraductor
_98333
740 0 _aEl Ingenioso Hidalgo Don Quijote de la Mancha
902 _aQFM
942 _2lcc
_cB
999 _c2769
_d2769